000 00253nam a22001097a 4500
082 _a425 SHA'C
100 _aSHAW, HARRY
_960065
245 _aSPELL IT RIGHT EVERYDAY HANDBOOK
260 _aNEWYORK
_bBARNES & NOBLE
_c1963
300 _a147P
942 _cBK
999 _c569896
_d569896